000 00288nam a2200109Ia 4500
008 180309s9999 xx 000 0 und d
020 _a971130063
245 _aGOD'S promise to you /
260 _aErmita, Manila
_b1899
_cPhilippine bible society
300 _a61 pages
650 _aReligion
999 _c356115
_d356115